Statistics for All NCAA Schools in Pennsylvania

Click here to take the quiz!

General Stats

  • This quiz has been taken 47 times
  • The average score is 38 of 98

Answer Stats

DivisionConferenceCityNicknameAnswer% Correct
I
Big Ten
University ParkNittany LionsPenn State University
100%
IIvy LeaguePhiladelphiaQuakersUniversity of Pennsylvania
100%
IAtlantic CoastPittsburghPanthersUniversity of Pittsburgh
100%
IBig EastVillanovaWildcatsVillanova University
93%
IAmerican AthleticPhiladelphiaOwlsTemple University
90%
IColonialPhiladelphiaDragonsDrexel University
74%
IIPSACCaliforniaVulcansCalifornia University of PA
71%
IIICentennialGettysburgBulletsGettysburg College
71%
IIILandmarkScrantonRoyalsUniversity of Scranton
71%
IAtlantic 10PittsburghDukesDuquesne University
69%
IIPSACWest ChesterGolden RamsWest Chester University
69%
IIPSACBloomsburgHuskiesBloomsburg University
67%
IPatriot LeagueLewisburgBisonBucknell University
67%
IIPSACSlippery RockThe RockSlippery Rock University
67%
IIPSACEast StroudsburgWarriorsEast Stroudsburg University
64%
IIPSACIndianaCrimson HawksIndiana University of PA
64%
IIPSACKutztownGolden BearsKutztown University
64%
IPatriot LeagueBethlehemMountain HawksLehigh University
64%
IIPSACShippensburgRaidersShippensburg University
64%
IIPSACMillersvilleMaraudersMillersville University
62%
IIPSACJohnstownMountain CatsUniv. of Pittsburgh at Johnstown
62%
IIPSACClarionGolden EaglesClarion University
60%
IIPSACEdinboroFighting ScotsEdinboro University
60%
IIPSACLock HavenBald EaglesLock Haven University
60%
IIIAMCCAltoonaLionsPenn State Altoona
60%
IIICentennialBryn MawrOwlsBryn Mawr College
57%
IIPSACMansfieldMountaineersMansfield University
57%
IAtlantic 10PhiladelphiaHawksSt. Joseph's University
57%
IIIAMCCGreensburgBobcatsUniv. of Pittsburgh at Greensburg
57%
IIIUAAPittsburghTartansCarnegie Mellon University
55%
IAtlantic 10PhiladelphiaExplorersLa Salle University
55%
IIICentennialSwarthmoreGarnetSwarthmore College
55%
IIIAMCCBradfordPanthersUniv. of Pittsburgh at Bradford
55%
IIIAtlantic EastImmaculataMighty MacsImmaculata University
52%
IPatriot LeagueEastonLeopardsLafayette College
52%
IIIMAC FreedomWilkes-BarreColonelsWilkes University
52%
IIPSACCheyneyWolvesCheyney University
50%
IIIMAC CommonwealthYorkSpartansYork College
50%
IIICentennialHaverfordFordsHaverford College
48%
IHorizon LeagueMoon TownshipColonialsRobert Morris University
48%
IIPSACErieGolden KnightsGannon University
45%
IIIPresidentsGrove CityWolverinesGrove City College
45%
IIPSACErieLakersMercyhurst University
43%
INortheastLorettoRed FlashSt. Francis University
43%
IIILandmarkElizabethtownBlue JaysElizabethtown College
40%
IIICSACBryn AthynLionsBryn Athyn College
36%
IIIPresidentsWaynesburgYellow JacketsWaynesburg University
36%
IIICSACClarks SummitDefendersClarks Summit University
33%
IIIUnited EastAbingtonLionsPenn State Abington
33%
IIICSACRosemontRavensRosemont College
31%
IIICentennialCarlisleRed DevilsDickinson College
29%
IIIMAC FreedomWilliamsportWarriorsLycoming College
29%
IIPSACGreensburgGriffinsSeton Hill University
29%
IIICentennialAllentownMulesMuhlenberg College
26%
IIIUnited EastWilliamsportWildcatsPenn College of Technology
26%
IIIAMCCErie_______ LionsPenn State Behrend
26%
IIINCACMeadvilleGatorsAllegheny College
24%
IIICentennialLancasterDiplomatsFranklin & Marshall College
24%
IIIUnited EastMiddletownLionsPenn State Harrisburg
24%
IIIMAC CommonwealthReadingLionsAlbright College
21%
IIIMAC CommonwealthAnnvilleFlying DutchmenLebanon Valley College
21%
IIIMAC CommonwealthReadingGolden WolvesAlvernia University
19%
IIIPresidentsBeaver FallsGolden TornadosGeneva College
19%
IIILandmarkHuntingdonEaglesJuniata College
19%
IIIUnited EastLancasterChargersLancaster Bible College
19%
IIIPresidentsGreenvilleTomcatsThiel College
19%
IICACCPhiladelphiaRamsThomas Jefferson University
19%
IIIPresidentsWashingtonPresidentsWashington & Jefferson College
19%
IIIMAC FreedomDoylestownAggiesDelaware Valley University
17%
IIIAtlantic EastGwynedd ValleyGriffinsGwynedd-Mercy University
17%
IIICSACLa PlumeGiantsKeystone College
17%
IIIMAC FreedomWilkes-BarreMonarchsKing's College
17%
IIEast CoastOxfordLionsLincoln University
17%
IIIAtlantic EastScrantonPacersMarywood University
17%
IIILandmarkBethlehemGreyhoundsMoravian University
17%
IIIPresidentsLatrobeBearcatsSt. Vincent College
17%
IIICentennialCollegevilleBearsUrsinus College
17%
IIIMAC CommonwealthChesterPrideWidener University
17%
IIIMAC FreedomDallasCougarsMisericordia University
14%
IIIAMCCCressonMountiesMount Aloysius College
14%
IIIMAC FreedomGlensideKnightsArcadia University
12%
IIIAtlantic EastRadnorCavaliersCabrini University
12%
IIIMAC FreedomCenter ValleyBulldogsDeSales University
12%
IIIMAC CommonwealthSt. DavidsEaglesEastern University
12%
IIIMAC CommonwealthMechanicsburgFalconsMessiah University
12%
IICACCPhiladelphiaDevilsUniversity of the Sciences
12%
IIICSACLanghorneHighlandersCairn University
10%
IIIPresidentsPittsburghCougarsChatham University
10%
IIIAMCCPittsburghRedhawksLa Roche University
10%
IIIUnited EastReadingLionsPenn State Berks
10%
IIILandmarkSelinsgroveRiver HawksSusquehana University
10%
IIICSACChambersburgPhoenixWilson College
10%
IIICSACAllentownFalconsCedar Crest College
7%
IICACCPhiladelphiaGriffinsChestnut Hill College
7%
IIIAtlantic EastAstonKnightsNeumann University
7%
IIICSACPhoenixvilleThe PatriotsUniversity of Valley Forge
7%
IIIPresidentsNew WilmingtonTitansWestminster College
7%
IICACCPhiladelphiaTigersHoly Family University
2%

Score Distribution

Percentile by Number Answered

Percent of People with Each Score

Your Score History

You have not taken this quiz